000 00869nam a2200253Ia 4500
003 OSt
005 20220930091020.0
006 a|||||r|||| 00| 0
007 ta
008 220926b |||||||| |||| 00| 0 eng d
024 _a3342
037 _cTheses
040 _aCRL
_cCRL
_beng
041 _2eng
_aeng
100 _aGupta Prasoon
_9544452
110 _aUniversity of Delhi. Faculty of Meducal Science. Department of Anaesthesiology
_9544453
245 0 _aA randomized controlled trial on evaluation of efficacy of prefabalin as premedication for perioperative period
260 _c2012
650 _aANESTHETICS
_9519569
700 _a Chaudhary Lalita Gu.
_9544454
700 _aUniversity of Delhi. Faculty of Meducal Science. Department of Anaesthesiology
_9544455
942 _cDIS
_2CC
999 _c881501
_d881501